000 00560nam a22001817a 4500
005 20231207121339.0
008 231207b |||||||| |||| 00| 0 eng d
020 _a9781485109976 ; 9781485118077
041 _aEnglish
082 _a348 JUT
100 _lEnglish
245 _aJuta's Statutes of South Africa /
_cJUTA'S STATUTES EDITORS
250 _aTwenty-fifth Edition
260 _aCape Town :
_bJuta and Company Ltd,
_c2015
300 _b470 pages ;
_c27 cm.
650 _aLegal practice
_bLaw
942 _cBK
_6ALISON_BN_VRIES
999 _c1159
_d1159